| 000 | 00649nam a2200181 a 4500 | ||
|---|---|---|---|
| 008 | 120416s1964 ||||||||||||||||| || u | ||
| 050 | _aHD 5707 Har | ||
| 100 | _aHarbison, Fredrick Harris | ||
| 245 | 1 | 0 | _aEducation, manpower and economic growth |
| 246 | _asrategies of human resource development | ||
| 260 |
_aNew York _bMcGraw-Hill _c1964 |
||
| 300 | _axiv, 229p. | ||
| 350 | _a0.00 | ||
| 650 | _aLABOUR | ||
| 650 | _aHUMAN RESOURCE DEVELOPMENT | ||
| 650 | _aHUMAN RESOURCE PLANNING | ||
| 995 |
_D0.00 _FCBU-MAIN LIBRARY (Kitwe) _H1 _I0.00 _M1 _UAVAILABLE _ZAnnex Low-Usage Collection |
||
| 999 |
_c41154 _d41154 |
||